Paroles: J'me tire de Maître Gims - Statistiques

Statistiques générales
  • Ce quiz a été pris 2 706 fois
  • Le résultat moyen est 316 sur 432
Statistiques - réponses
Réponse % Correct
J'me
99%
j'me
99%
tire
99%
de
98%
je
98%
Je
98%
ma
98%
me
98%
parti
98%
pas
98%
Pour
98%
pour
98%
s'en
98%
sans
97%
demande
96%
pourquoi
96%
à
95%
j'suis
95%
J'suis
95%
la
94%
La
94%
mon
94%
qui
93%
ces
92%
dire
92%
mais
92%
Mais
92%
plus
91%
plus :
91%
C'est
90%
c'est
90%
coeur
90%
mot
90%
rien
90%
sens
90%
motif
89%
Parfois
89%
triste
88%
Ne
85%
s'endurcit
85%
le
84%
d'ici
83%
loin
83%
partir
83%
Partir
83%
ça
81%
vie
81%
comme
78%
que
77%
Si
73%
d'artiste
72%
pire
71%
Laisse-moi
70%
disais
69%
n'm'attriste
69%
fuck
68%
juste
68%
68%
un
68%
Un
68%
ta
66%
qu'y'a
65%
tout
65%
bah
64%
est
64%
endroit
63%
sais
62%
cible
61%
life
61%
monde
61%
pris
60%
fait
59%
j'vais
59%
dans
58%
qu'on
58%
rime
58%
tape
57%
garder
56%
l'sourire
54%
prendre
54%
les
52%
changer
51%
d'dire
51%
besoin
50%
j'aurai
50%
j'serai
50%
cliché
49%
j'veux
46%
l'suspect
46%
mic
45%
devenir ?"
44%
d'nom
44%
Stop !
44%
l'dire
43%
Après
42%
"Qu'est-ce
42%
'Qu'est-ce
42%
Et
41%
gens
41%
réfléchis
41%
Clay
40%
mentir
40%
on
39%
Cassius
37%
peste
37%
vas-y !
37%
leur
36%
nom
36%
couleur
35%
reste
34%
fuiront
33%
malgré
33%
vérité
33%
allez
32%
j'reste
32%
ébène
31%
modèle
31%
trop
31%
ceux
30%
surement
30%
donné
29%
faut
29%
m'auto-déteste
29%
maux
29%
m'ont
29%
t'aime"
29%
tel
29%
Vos
29%
disent
28%
interviews
27%
Merci
27%
c'qu'il
26%
d'tête
26%
voudraient
23%
qu'j'préserve
21%
"Meugui
19%
Meugui
19%
Klay
15%
m'prendre
8%
Aucun quiz correspondant
Distribution des résultats
% des personnes avec chaque résultat
Percentile par nombre de réponses
Votre historique - résultats
Vous n’avez pas pris ce quiz